000 00484nam a2200181 a 4500
001 1774863790491
003 YourLibrary
005 20260330151547.0
008 260330s2009##################000#0#eng##
020 _a9780230228849
082 0 4 _a351.47
_bROW
100 1 _aRowney, D.,
_eauthor.
245 1 0 _aRussian Bureaucracy and the State :
260 _bPalgrave Macmillan,
_c2009.
650 0 _aPolitical Science.
942 _cENGLISH
040 _aYourLibrary
_beng
_cYourLibrary
999 _c618113
_d618113